Agricultural wages, population and technology in Asian countries (Record no. 22160)

000 -LEADER
fixed length control field 00444pab a2200169 454500
008 - FIXED-LENGTH DATA ELEMENTS--GENERAL INFORMATION
fixed length control field 180718b xxu||||| |||| 00| 0 eng d
100 ## - MAIN ENTRY--PERSONAL NAME
Personal name Gaiha, Raghav
245 ## - TITLE STATEMENT
Title Agricultural wages, population and technology in Asian countries
650 ## - SUBJECT ADDED ENTRY--TOPICAL TERM
Topical term or geographic name entry element Wages
650 ## - SUBJECT ADDED ENTRY--TOPICAL TERM
Topical term or geographic name entry element Technology
650 ## - SUBJECT ADDED ENTRY--TOPICAL TERM
Topical term or geographic name entry element Population
650 ## - SUBJECT ADDED ENTRY--TOPICAL TERM
Topical term or geographic name entry element Agricultural Wages
650 ## - SUBJECT ADDED ENTRY--TOPICAL TERM
Topical term or geographic name entry element Farm Wages - Asia
700 ## - ADDED ENTRY--PERSONAL NAME
Personal name Spinedi, Marco
773 ## - HOST ITEM ENTRY
Main entry heading Asian Survey
909 ## -
-- 22160
Holdings
Withdrawn status Lost status Damaged status Not for loan Permanent Location Current Location Date acquired Serial Enumeration / chronology Barcode Date last seen Price effective from Koha item type
        Indian Institute of Public Administration Indian Institute of Public Administration 2018-07-19 Issue no: 32(5) May 92, p.461-70 AR22229 2018-07-19 2018-07-19 Articles

Powered by Koha